LDR 00723naa#a2200181#i#450# 001 EN\\bibl\116848 005 20260429111736.3 011 ## _a1994-4683 100 ## _a20260429b2026####ek#y0engy0150####ca 102 ## _aRU 200 1# _aConsideration of gender and age factors in developing a model for health-promoting practices among university students _eJournal article 210 1# _aMoscow _cNational State University of Physical Education, Sports and Health named after P.F. Lesgaft _d2026 215 ## _a9 с. 608 ## _aJournal article _2local 675 ## _aПедагогическая психология. 37.015.3 _z 700 #1 _aShamkova _gNatal'ya Timofeevna 700 #1 _aKechin _gCyrill Yakovlevich 856 4# _auchzapiski.lesgaft.spb.ru _u